| 000 -LEADER |
| fixed length control field |
00577pam a2200217 i 4500 |
| 001 - CONTROL NUMBER |
| control field |
1793626 |
| 005 - DATE AND TIME OF LATEST TRANSACTION |
| control field |
20180205075651.0 |
| 008 - FIXED-LENGTH DATA ELEMENTS--GENERAL INFORMATION |
| fixed length control field |
780505s1978 nyu 000 0 eng |
| 010 ## - LIBRARY OF CONGRESS CONTROL NUMBER |
| LC control number |
78058299 |
| 020 ## - INTERNATIONAL STANDARD BOOK NUMBER |
| International Standard Book Number |
037911125X : |
| Terms of availability |
$20.00 |
| 040 ## - CATALOGING SOURCE |
| Original cataloging agency |
DLC |
| Transcribing agency |
DLC |
| Modifying agency |
DLC |
| 041 ## - LANGUAGE CODE |
| Language code of text/sound track or separate title |
eng |
| 043 ## - GEOGRAPHIC AREA CODE |
| Geographic area code |
n-us--- |
| 080 ## - UNIVERSAL DECIMAL CLASSIFICATION NUMBER |
| Universal Decimal Classification number |
340.0973 |
| 082 00 - DEWEY DECIMAL CLASSIFICATION NUMBER |
| Classification number |
340.0973 ROB |
| 100 1# - Rafti |
| Rafti |
14 |
| 101 ## - Shkurtesa |
| Shkurtesa |
SHJ |
| 245 13 - TITLE STATEMENT |
| Title |
An American legal almanac : |
| Statement of responsibility, etc |
by Joan Robinson. |
| 906 ## - LOCAL DATA ELEMENT F, LDF (RLIN) |
| a |
7 |
| b |
cbc |
| c |
orignew |
| d |
1 |
| e |
ocip |
| f |
19 |
| g |
y-gencatlg |
| 942 ## - ADDED ENTRY ELEMENTS (KOHA) |
| Source of classification or shelving scheme |
|
| Item type |
Books |